00401nam a2200157Ia 45000010006000000050017000060080041000230410008000640820018000721000034000902450066001242600009001903000028001996500008002276540008002351865320260306171646.0260306s9999||||xx |||||||||||||| ||und|| aESP a658.4093bP46 aPérez Ortega, AndréseAUT 0aMarca personal:bcómo convertirse en la opción preferente c2014 a374 páginas :c21 cm. aGEN aCAN